نکا ت سخن (Record no. 87270)
[ view plain ]
| 000 -LEADER | |
|---|---|
| fixed length control field | 01304nam a22002777a 4500 |
| 005 - DATE AND TIME OF LATEST TRANSACTION | |
| control field | 20170405145132.0 |
| 008 - FIXED-LENGTH DATA ELEMENTS--GENERAL INFORMATION | |
| fixed length control field | 140714b xxu||||| |||| 00| 0 Urdu d |
| 010 ## - LCCN (DPL NO) | |
| LC control number | UR-89 B-547926 B-665870 |
| 020 ## - INTERNATIONAL STANDARD BOOK NUMBER | |
| International Standard Book Number | 9789350731970 |
| Terms of availability | 400.00 |
| 035 ## - SYSTEM CONTROL NUMBER | |
| System control number | U-89 B-547926 B-665870 |
| 037 ## - SOURCE OF ACQUISITION | |
| Source of stock number/acquisition | BPPD/Pub/Ven |
| 037 ## - SOURCE OF ACQUISITION | |
| Source of stock number/acquisition | Pansy Books(Vend.)/Edu.Pub.House(Pub.) |
| 040 ## - CATALOGING SOURCE | |
| Original cataloging agency | DPL |
| Language of cataloging | Urdu |
| 082 ## - DEWEY DECIMAL CLASSIFICATION NUMBER | |
| Classification number | 840.8 |
| 100 ## - MAIN ENTRY--PERSONAL NAME | |
| Personal name | حسر ت مو ہا نی |
| 245 ## - TITLE STATEMENT | |
| Title | نکا ت سخن |
| Statement of responsibility, etc | حسر ت مو ہا نی |
| 246 ## - VARYING FORM OF TITLE | |
| Title proper/short title | Nikat-e- Sukhan |
| Remainder of title | by Hasrat Mohani |
| 260 ## - PUBLICATION, DISTRIBUTION, ETC. (IMPRINT) | |
| Place of publication, distribution, etc | د ھلی |
| Name of publisher, distributor, etc | ا يجو کيشنل پبليشنگ ہا ؤس |
| Date of publication, distribution, etc | 2014 |
| 260 ## - PUBLICATION, DISTRIBUTION, ETC. (IMPRINT) | |
| Name of publisher, distributor, etc | Pansy Books(Vender) |
| 270 ## - ADDRESS | |
| Address | 3108،و کيل اسٹر يٹ ،کو چہ پنڈ ت ،لال کنو ا ن |
| City | د ھلی |
| Postal code | 110006 |
| Telephone number | 23216162،23214465 |
| 270 ## - ADDRESS | |
| Address | R2,/66/A Somesh Vihar,Chhawala |
| City | New Delhi |
| Postal code | 110071 |
| Telephone number | 01125317355 |
| 300 ## - PHYSICAL DESCRIPTION | |
| Extent | 296ص |
| Dimensions | 22Cm (Hb) |
| 942 ## - ADDED ENTRY ELEMENTS (KOHA) | |
| Source of classification or shelving scheme | Dewey Decimal Classification |
| Item type | Urdu Bks |
| Edition | |
| Classification part | 840.8 |
| Call number suffix | ح س ر |
| Withdrawn status | Lost status | Source of classification or shelving scheme | Damaged status | Not for loan | Collection code | Home library | Current library | Date acquired | Source of acquisition | Cost, normal purchase price | Total Checkouts | Full call number | Barcode | Date last seen | Copy number | Cost, replacement price | Koha item type |
|---|---|---|---|---|---|---|---|---|---|---|---|---|---|---|---|---|---|
| Dewey Decimal Classification | Non-fiction | Ashok Vihar | Ashok Vihar | 05/04/2017 | BPPD/UR/2014-15/AV/16-17/656/17.217//P/1638/6.3.17/8.3.17 | 400.00 | 840.8 ح س ر | B-665870 | 05/04/2017 | 1 | 400.00 | Urdu Bks | |||||
| Dewey Decimal Classification | Non-fiction | Central Library | Central Library | 17/11/2014 | BPPD/UR/2014-15/125/01-08-2014/1469/14/08/2014/2/09/2014 | 400.00 | 1 | 840.8 ح س ر | B-547926 | 12/07/2017 | 1 | 400.00 | Urdu Bks |
